Statistics for Poland Global Cities

Click here to take the quiz!

General Stats

  • This quiz has been taken 48 times
  • The average score is 5 of 6

Answer Stats

HintAnswer% Correct
Alpha-Warsaw
100%
High SufficiencyKraków
96%
Gamma-Katowice
82%
GammaWrocław
78%
SufficiencyŁódź
73%
Gamma-Poznań
69%

Score Distribution

Percentile by Number Answered

Percent of People with Each Score

Your Score History

You have not taken this quiz